Đảng chỉ đạo giành thắng lợi từng bước trong cuộc kháng chiến chống Mỹ cứu nước thời kỳ 1965 - 1975

Bewaard in:
Bibliografische gegevens
Hoofdauteur: Nguyễn Xuân Tú
Formaat: Boek
Taal:Undetermined
Gepubliceerd in: H. Lao Động 2003
Onderwerpen:
Tags: Voeg label toe
Geen labels, Wees de eerste die dit record labelt!
Thư viện lưu trữ: Trung tâm Học liệu Trường Đại học Cần Thơ
LEADER 00650nam a2200205Ia 4500
001 CTU_53595
008 210402s9999 xx 000 0 und d
020 |b 27000 
082 |a 959.7043 
082 |b T500 
100 |a Nguyễn Xuân Tú 
245 0 |a Đảng chỉ đạo giành thắng lợi từng bước trong cuộc kháng chiến chống Mỹ cứu nước thời kỳ 1965 - 1975 
245 0 |c Nguyễn Xuân Tú 
260 |a H. 
260 |b Lao Động 
260 |c 2003 
650 |a vietnam 
650 |x history 
650 |y 1961-1975 
980 |a Trung tâm Học liệu Trường Đại học Cần Thơ